Kyrie Irving Quiz - Statistics

General Stats
  • This quiz has been taken 22,845 times
    9,998 since last reset
  • The average score is 10 of 11
Answer Stats
Hint Answer % Correct
What NBA teams has he played for? Cleveland Cavaliers
99%
What NBA teams has he played for? Boston Celtics
98%
What NBA teams has he played for? Brooklyn Nets
98%
What position does he play? Point Guard
98%
Who were the two other members of the "Big 3" during their 2016 championship run? LeBron James
95%
Who were the two other members of the "Big 3" during their 2016 championship run? Kevin Love
91%
What is the stupidest conspiracy theory that Kyrie believes? The World is {Flat}
91%
What is the name of his alter-ego, a trash-talking old man who schools young bloods on the court? Uncle Drew
83%
What college did he play for? Duke
81%
What country was he born in? Australia
78%
What four letter word, starting with W, describes a person such as Kyrie who has been awakened to the true nature of reality? Woke
55%
No matching quizzes found
Score Distribution
Percent of People with Each Score
Percentile by Number Answered
Your Score History
You have not taken this quiz since the last reset